Größte Städte und Agglomerationen im Vereinigten Königreich - Whammies - Statistiken

Allgemein
  • Dieses Quiz wurde 47 mal gespielt
  • Das Durchschnittsergebnis liegt bei 26 aus 40
Antwortstatistiken
# # # % Korrekt
Stadt 8.776.535 London
100%
Agglomeration 10.559.000 London
100%
Stadt 470.411 Manchester
98%
Agglomeration 2.720.000 Manchester
98%
Stadt 1.121.408 Birmingham
95%
Agglomeration 2.590.000 Birmingham
95%
Stadt 536.321 Leeds
93%
Agglomeration 1.861.000 Leeds
93%
Stadt 506.552 Liverpool
93%
Agglomeration 891.000 Liverpool
93%
Stadt 505.310 Edinburgh
90%
Agglomeration 530.000 Edinburgh
90%
Stadt 631.690 Glasgow
88%
Agglomeration 1.027.000 Glasgow
88%
Stadt 286.468 Newcastle upon Tyne
81%
Agglomeration 791.000 Newcastle upon Tyne
81%
Stadt 500.552 Sheffield
76%
Agglomeration 689.000 Sheffield
76%
Stadt 450.386 Belfast
69%
Agglomeration 625.000 Belfast
69%
Stadt 425.232 Bristol
69%
Agglomeration 680.000 Bristol
69%
Stadt 348.546 Cardiff
69%
Agglomeration 465.000 Cardiff
69%
Agglomeration 888.000 Southampton
64%
Stadt 406.588 Leicester
57%
Agglomeration 559.000 Leicester
57%
Stadt 299.797 Nottingham
57%
Agglomeration 763.000 Nottingham
57%
Stadt 277.106 Brighton and Hove
52%
Agglomeration 519.000 Brighton and Hove
52%
Stadt 333.931 Bradford
29%
Stadt 266.983 Plymouth
26%
Stadt 344.322 Coventry
24%
Agglomeration 389.000 Coventry
24%
Stadt 270.806 Kingston upon Hull
21%
Agglomeration 380.000 Stoke-on-Trent
17%
Stadt 275.599 Derby
14%
Agglomeration 486.000 Bournemouth
12%
Agglomeration 384.000 Middlesbrough
10%
Keine übereinstimmenden Quizze gefunden
Verteilung der Resultate
Anzahl Personen mit jedem Resultat
Perzentil nach korrekt beantworteten Fragen
Ihre Resultats-Entwicklung
Sie haben dieses Quiz noch nicht gespielt